[Event "DOM-chT"]
[Site "Santiago de los Caballeros"]
[Date "2017.08.18"]
[Round "2.4"]
[White "Torres Castro, Diomedes Cristino"]
[Black "Castillo, Jose Manuel"]
[Result "1-0"]
[WhiteElo "1947"]
[BlackElo "1527"]
[PlyCount "61"]
[EventDate "2017.08.17"]
[EventType "team-swiss"]
[EventRounds "6"]
[EventCountry "DOM"]
[SourceTitle "EXT 2019"]
[Source "ChessBase"]
[SourceDate "2018.10.10"]
[SourceVersion "1"]
[SourceVersionDate "2018.10.10"]
[SourceQuality "1"]
[WhiteTeam "Therrestra Espaillat"]
[BlackTeam "Juan Sanchez Ramirez"]
[WhiteTeamCountry "DOM"]
[BlackTeamCountry "DOM"]

1. e4 d6 2. d4 Nd7 3. Nf3 b6 4. Bc4 h6 5. 0-0 Bb7 6. Nc3 e5 7. Be3 Ngf6 8. Nd2 exd4 9. Bxd4 c5 10. Be3 Be7 11. Qe2 Qc7 12. Rad1 a6 13. a4 Ne5 14. Ba2 0-0-0 15. f4 Nc6 16. Bxf7 Kb8 17. Nd5 Nxd5 18. Bxd5 Nb4 19. Bxb7 Qxb7 20. c3 Nc6 21. Nc4 Na7 22. Rd5 b5 23. Na5 Qb6 24. b4 Qc7 25. Ra1 c4 26. Qf2 Rd7 27. Bxa7+ Ka8 28. Bb6 Qc8 29. axb5 Bd8 30. Bxd8 Rhxd8 31. Nc6 1-0

[Event "DOM-ch"]
[Site "Santo Domingo"]
[Date "2015.05.10"]
[Round "8"]
[White "Torres Castro, Diomedes Cristino"]
[Black "Moncion Ventura, Angel Luis"]
[Result "0-1"]
[WhiteElo "2022"]
[BlackElo "1950"]
[PlyCount "34"]
[EventDate "2015.05.01"]
[EventType "swiss"]
[EventRounds "11"]
[EventCountry "DOM"]
[SourceTitle "CBM 166 Extra"]
[Source "ChessBase"]
[SourceDate "2015.06.18"]
[SourceVersion "1"]
[SourceVersionDate "2015.06.18"]
[SourceQuality "1"]

1. e4 c5 2. Nc3 e6 3. f4 a6 4. Nf3 b5 5. d4 cxd4 6. Nxd4 Bb7 7. Bd3 Bc5 8. Nb3 Be7 9. 0-0 d6 10. Qg4 Nf6 11. Qxg7 Rg8 12. Qh6 b4 13. Nd1 Nxe4 14. f5 Nf6 15. Ne3 Qb6 16. fxe6 Rxg2+ 17. Kh1 Rg6+ 0-1